Európske sociálne projekty zamestnanosti
Rast a tvorba pracovných miest. Európske služby zamestnanosti. Európsky portál pre pracovnú mobilitu - EURES a jeho poslanie. Nové možnosti pre mladých. Projekty - Práca na dosah, Vzdelanie po ruke. Podpora podnikanie.
Enregistré dans:
| Auteur principal: | |
|---|---|
| Format: | Chapitre de livre |
| Langue: | slovaque |
| Sujets: | |
| Tags: |
Pas de tags, Soyez le premier à ajouter un tag!
|
MARC
| LEADER | 00000naa a2200000 4500 | ||
|---|---|---|---|
| 001 | 0216327 | ||
| 005 | 20231120135548.2 | ||
| 041 | 0 | |a slo | |
| 044 | |a SK | ||
| 245 | 1 | 0 | |a Európske sociálne projekty zamestnanosti |c Dagmar Hrašková |
| 520 | |a Rast a tvorba pracovných miest. Európske služby zamestnanosti. Európsky portál pre pracovnú mobilitu - EURES a jeho poslanie. Nové možnosti pre mladých. Projekty - Práca na dosah, Vzdelanie po ruke. Podpora podnikanie. | ||
| 610 | 2 | 0 | |a miesta pracovné |
| 610 | 2 | 0 | |a miesta pracovné voľné |
| 610 | 2 | 0 | |a služby zamestnanosti |
| 610 | 2 | 0 | |a pohyb síl pracovných medzinárodný |
| 610 | 2 | 0 | |a Európsky ekonomický priestor |
| 610 | 2 | 0 | |a projekty |
| 100 | 1 | |a Hrašková, Dagmar | |